000 01067pam a2200277 a 4500
005 20200104041535.0
008 980918s1998 ne a b 001 0 eng
020 _a0444892494 (hardcover : alk. paper)
020 _a0444892508 (pbk. : alk. paper)
040 _aCO-BoIAVH
_cCO-BoIAVH
041 1 _aeng
_hfre
082 0 0 _a577.0151
_bL51n
100 1 _aLegendre, Pierre,
_d1946-
245 1 0 _aNumerical ecology /
_cPierre Legendre and Louis Legendre.
250 _a2nd English ed.
260 _aAmsterdam ;
_aNew York :
_bElsevier,
_c1998.
300 _axv, 853 páginas :
_bilustraciones ;
_c25 cm.
500 _aRev. ed. de: Ecología numerique / Louis Legendre. 1983.
504 _aIncluye referencias bibliográficas (páginas 787-832) e índice.
650 1 4 _aEcología
_xMétodos estadísticos
650 2 4 _aEcología
_xMetodología
650 2 4 _aEcología aplicada
700 1 _aLegendre, Louis.
856 4 1 _3Solo tabla de contenido
_uhttp://www.loc.gov/catdir/enhancements/fy0602/98045198-t.html
942 _2ddc
_cLIBRO
999 _c2741
_d2741